Pablo Picasso en tres revisiones

Zapisane w:
Opis bibliograficzny
1. autor: Ors, Eugenio d' (autor)
Format: Książka
Język:hiszpański
Wydane: Madrid M. Aguilar 1940
Seria:Index Sum. Arte e Historia de la Cultura, 6
Hasła przedmiotowe:
Etykiety: Dodaj etykietę
Nie ma etykietki, Dołącz pierwszą etykiete!

MARC

LEADER 00000cam a2200000 a 4500
001 UCT3045
003 CL-VaPUC
005 20240729130957.0
008 961018e19400000SP |||||||||||||||||spa|d
999 |c 252877  |d 252875 
040 |c Pontificia Universidad Católica de Valparaíso 
082 0 4 |a 927.3  |b ORS  |2 21 
100 |a Ors, Eugenio d'  |e autor  |9 347022 
245 1 0 |a Pablo Picasso en tres revisiones 
260 |a Madrid  |b M. Aguilar  |c 1940 
300 |a 268 p 
490 0 |a Index Sum. Arte e Historia de la Cultura, 6 
500 |a Incluye 24 dibujos del artista 
583 |a last modification  |c 20140711 12:32:46  |k Rodrigo Vera 
600 0 7 |a PICASSO, PABLO  |2 CL-VaPUC  |9 265273 
650 0 |a Biografías  |9 255210 
650 0 |a Pintores   |9 265963 
650 0 |a Arte español  |9 341293 
650 0 |a Artes visuales  |9 336870 
650 0 |a Artes gráficas  |9 265865 
650 0 |a Historia  |9 255047 
942 |c BK  |2 ddc 
945 |d 19961018 00:00:00  |a cmena 
952 |0 0  |1 0  |4 0  |6 927_300000000000000_ORS_1940  |7 0  |8 P  |9 273010  |a BIBARQ  |b BIBARQ  |d 2019-11-19  |i 1768816  |o 927.3 ORS 1940  |p 1768816  |r 2025-01-20  |w 2019-11-19  |y BK  |k ARQ 
952 |0 0  |1 0  |3 erd  |4 0  |6 927_300000000000000_ORS_1940  |7 0  |8 A  |9 273011  |a BIBART  |b BIBART  |i 5048664  |o 927.3 ORS 1940  |p 5048664  |r 2025-03-13  |w 2019-11-19  |y BK  |z Catalogado en:20140717  |k ART